000 00613cam a2200229 4500
008 000000n1999 000 0 eng u
020 _a0333731999
035 _a(Sirsi) u105512
050 _a306.52
100 _aCope, Helen F.
245 _aHousing associations : the policy and practice of registered social landlords.
250 _a2nd ed.
260 _aHampshire
_hMacmillan
_c1999
300 _axv, 361p. ; 23cm.
350 _a19.99
650 _aHOUSING ASSOCIATIONS
650 _aLANDLORD AND TENANT
_96252
650 _aSOCIAL HOUSING
650 _aLAW
650 _aHOUSING
942 _n0
999 _c100413
_d100413